LEADER 01188cam0 2200301 450 001 E600200002522 005 20150617084835.0 010 $a8802061610 100 $a20040522d2004 |||||ita|0103 ba 101 $aita 102 $aIT 105 $a E 200 1 $aDizionario dei proverbi$eI proverbi italiani organizzati per temi. 30.000 detti raccolti nelle regioni italiane e tramandati dalle fonti letterarie$fValter Boggione$gLorenzo Massorbio 210 $aTorino$cUTET$d2004 215 $aLVI, 922 p.$d29 cm 225 2 $aLa nostra lingua$eBiblioteca storica di linguistica italiana 410 1$1001LAEC00018478$12001 $a*La nostra lingua : Biblioteca storica di linguistica italiana 700 1$aBoggione$b, Valter$3AF00004430$4070$081587 701 1$aMassorbio, Lorenzo$3A600200026362$4070$0779536 801 0$aIT$bUNISOB$c20150617$gRICA 850 $aUNISOB 852 $aUNISOB$j400$m120916 912 $aE600200002522 940 $aM 102 Monografia moderna SBN 941 $aM 957 $a400$bXX$i-(20)$gCON$d120916$racquisto$1beth$2UNISOB$3UNISOB$420040522095205.0$520150617084835.0$6bethb 996 $aDizionario dei proverbi$91673864 997 $aUNISOB LEADER 00936nam a22002411i 4500 001 991002929599707536 005 20040611170052.0 008 040624s1978 it |||||||||||||||||ita 035 $ab12999349-39ule_inst 035 $aARCHE-095702$9ExL 040 $aDip.to Beni Culturali$bita$cA.t.i. Arché s.c.r.l. Pandora Sicilia s.r.l. 082 04$a016.7 100 1 $aFucinese, Damiano Venanzio$0215483 245 10$aArte e archeologia in Abruzzo :$bbibliografia /$cDamiano Venanzio Fucinese 260 $aRoma :$bOfficina,$c1978 300 $aXXII, 381 p. ;$c24 cm 650 4$aArcheologia$zAbruzzo$xBibliografia 907 $a.b12999349$b02-04-14$c12-07-04 912 $a991002929599707536 945 $aLE001 AR I 87 8$g1$i2001000097722$lle001$nC. 1$o-$pE0.00$q-$rl$s- $t0$u0$v0$w0$x0$y.i13607339$z12-07-04 996 $aArte e archeologia in Abruzzo$9283902 997 $aUNISALENTO 998 $ale001$b12-07-04$cm$da $e-$fita$git $h0$i1